[Event "Titled Tue 3rd Jun Early"]
[Site "chess.com INT"]
[Date "2025.06.03"]
[Round "4"]
[White "Terlouw, Wouter"]
[Black "Levitan, Caleb Levi"]
[Result "0-1"]
[WhiteTitle "CM"]
[BlackTitle "FM"]
[WhiteElo "2227"]
[BlackElo "2333"]
[WhiteFideId "1087401"]
[BlackFideId "14332620"]
[EventDate "2025.06.03"]

1. Nf3 Nf6 2. b3 g6 3. Bb2 Bg7 4. e4 d6 5. d3 O-O 6. Nbd2 c5 7. g3 Nc6 8. a4 a6
9. Bg2 e5 10. O-O h6 11. Nc4 Be6 12. Nfd2 b5 13. axb5 axb5 14. Ne3 Qd7 15. f4
Ng4 16. Nxg4 Bxg4 17. Nf3 exf4 18. Bxg7 Kxg7 19. gxf4 Nd4 20. c3 Bxf3 21. Bxf3
Rxa1 22. Qxa1 Nxb3 23. Qb2 c4 24. d4 Qa7 25. f5 b4 26. Rd1 Qa3 27. Qc2 Qa5 28.
Be2 Rc8 29. Rb1 bxc3 30. Rf1 Nxd4 31. f6+ Kh7 32. Qd1 Qe5 33. Bf3 c2 34. Qd2 c3
35. Qd3 Qg5+ 36. Bg2 c1=Q 37. Rxc1 Qxc1+ 38. Bf1 Qd2 39. Qa6 Nf3+ 40. Kh1 Qxh2# 0-1

[Event "Titled Tue 3rd Jun Early"]
[Site "chess.com INT"]
[Date "2025.06.03"]
[Round "4"]
[White "Vingris, Mikelis"]
[Black "Avila Rodriguez, Joshua Adrian"]
[Result "1-0"]
[BlackTitle "FM"]
[WhiteElo "2102"]
[BlackElo "2302"]
[WhiteFideId "11611731"]
[BlackFideId "5126444"]
[EventDate "2025.06.03"]

1. e4 c6 2. Nf3 d5 3. exd5 cxd5 4. Ne5 a6 5. d4 Nc6 6. Nc3 Nf6 7. Bd3 Nxd4 8.
O-O Nc6 9. Bf4 e6 10. Qf3 Bd6 11. Rfe1 Nxe5 12. Bxe5 Bxe5 13. Rxe5 O-O 14. Rae1
Bd7 15. Rg5 h6 16. Rg3 Bc6 17. Qe3 Kh8 18. Rh3 Ng8 19. Ne2 Qf6 20. Nd4 Rfe8 21.
Nf3 Ne7 22. Ne5 Nf5 23. Qf4 g5 24. Qf3 Kg7 25. Qh5 Rh8 26. c3 Bb5 27. Bc2 Raf8
28. Rf3 Qd8 29. Bxf5 exf5 30. Rxf5 Qc7 31. Ng4 f6 32. Rf3 Qd7 33. Rfe3 Re8 34.
Qh3 Rxe3 35. Rxe3 1-0

[Event "Titled Tue 3rd Jun Early"]
[Site "chess.com INT"]
[Date "2025.06.03"]
[Round "4"]
[White "Madhesh Kumar S"]
[Black "Rodriguez Avila, Alvaro"]
[Result "1-0"]
[WhiteTitle "CM"]
[BlackTitle "CM"]
[WhiteElo "2243"]
[BlackElo "2204"]
[WhiteFideId "25168649"]
[BlackFideId "24570249"]
[EventDate "2025.06.03"]

1. e4 c5 2. Nf3 g6 3. d4 cxd4 4. Nxd4 Bg7 5. c4 Nc6 6. Be3 Nf6 7. Nc3 Ng4 8.
Qxg4 Nxd4 9. Qd1 Ne6 10. Be2 Qa5 11. O-O Bxc3 12. bxc3 Qxc3 13. Rc1 Qa3 14. c5
b6 15. cxb6 axb6 16. Bxb6 Ba6 17. Bxa6 Qxa6 18. Be3 Qxa2 19. Rb1 d6 20. Rb7 Qc4
21. Qb1 O-O 22. Rxe7 Rfb8 23. Rb7 Rxb7 24. Qxb7 Rc8 25. Rd1 Qc6 26. Qb4 Qc4 27.
Qxd6 Qxe4 28. Qg3 Qc2 29. Rf1 Qc7 30. Qf3 Qc6 31. Qf6 Qc3 32. Qf3 Qe5 33. h3 f5
34. Rd1 Rd8 35. Rxd8+ Nxd8 36. Qa8 Qd5 37. Qxd5+ 1-0

[Event "Titled Tue 3rd Jun Early"]
[Site "chess.com INT"]
[Date "2025.06.03"]
[Round "4"]
[White "Lloret Ramis, Juan Jose"]
[Black "Newansa, M Esandi"]
[Result "0-1"]
[WhiteTitle "FM"]
[BlackTitle "WCM"]
[WhiteElo "2019"]
[BlackElo "1947"]
[WhiteFideId "2204053"]
[BlackFideId "9999060"]
[EventDate "2025.06.03"]

1. c4 c6 2. Nc3 d5 3. d4 Nf6 4. Nf3 dxc4 5. a4 Bf5 6. e3 e6 7. Bxc4 Bb4 8. O-O
O-O 9. Qe2 h6 10. e4 Bh7 11. e5 Nd5 12. Nxd5 exd5 13. Bd3 Bxd3 14. Qxd3 Re8 15.
Bf4 Nd7 16. Qe3 Re6 17. h4 Qe7 18. g4 f6 19. g5 hxg5 20. hxg5 fxe5 21. Nxe5 Nxe5
22. Bxe5 Bd6 23. f4 Rg6 24. Rf2 Rf8 25. Rg2 Qe6 26. Rf1 Rf5 27. Rf3 b6 28. Bxd6
Qxd6 29. Qe8+ Rf8 30. Qe5 Qb4 31. f5 Rd6 32. f6 a5 33. f7+ Kh7 34. Rh3+ Kg6 35.
Qe8 Rxf7 36. Rf3 Qxd4+ 37. Kh2 Qh4+ 38. Rh3 Qf4+ 39. Rhg3 Kh7 40. g6+ Rxg6 0-1

[Event "Titled Tue 3rd Jun Early"]
[Site "chess.com INT"]
[Date "2025.06.03"]
[Round "4"]
[White "Pham, Le Thao Nguyen"]
[Black "Reprintsev, Alexander"]
[Result "0-1"]
[WhiteTitle "IM"]
[BlackTitle "IM"]
[WhiteElo "2388"]
[BlackElo "2256"]
[WhiteFideId "12401226"]
[BlackFideId "14100541"]
[EventDate "2025.06.03"]

1. d4 d5 2. c4 e5 3. dxe5 d4 4. Nf3 Nc6 5. a3 g6 6. e3 Bg4 7. exd4 Bxf3 8. gxf3
Qxd4 9. Qe2 Qxe5 10. Nc3 Bg7 11. Bf4 Qxe2+ 12. Bxe2 O-O-O 13. O-O Nd4 14. Bd1
Ne7 15. Rc1 Ne6 16. Be3 Nf5 17. Be2 Ned4 18. Bd1 Rhe8 19. Re1 c6 20. Kf1 Be5 21.
f4 Bf6 22. Bg4 Kb8 23. Kg2 Nxe3+ 24. fxe3 Bh4 25. Red1 Rxe3 26. Rd2 f5 27. Rcd1
Bf6 28. Be2 Kc7 29. c5 Ne6 30. Rxd8 Bxd8 31. Kf2 Rh3 32. Bc4 Nxf4 33. Bg8 Bh4+
34. Kg1 h6 35. Bf7 g5 36. Be8 b6 37. Rd7+ Kc8 38. Rxa7 bxc5 39. Bxc6 Re3 40. Nb5
Re1# 0-1

[Event "Titled Tue 3rd Jun Early"]
[Site "chess.com INT"]
[Date "2025.06.03"]
[Round "4"]
[White "Khamdamova, Afruza"]
[Black "Hernandez Izquierdo, Jose A."]
[Result "1-0"]
[WhiteTitle "WIM"]
[BlackTitle "IM"]
[WhiteElo "2344"]
[BlackElo "2223"]
[WhiteFideId "14210444"]
[BlackFideId "3527263"]
[EventDate "2025.06.03"]

1. e4 c5 2. Nf3 e6 3. d4 cxd4 4. Nxd4 a6 5. Bd3 Bc5 6. Nb3 Ba7 7. Qe2 Nc6 8. Nc3
Nge7 9. Be3 d6 10. O-O-O Bxe3+ 11. Qxe3 e5 12. f4 O-O 13. f5 b5 14. g4 b4 15.
Nd5 a5 16. f6 Ng6 17. fxg7 Kxg7 18. h4 a4 19. Nd2 Nd4 20. h5 b3 21. hxg6 fxg6
22. Qh6+ Kf7 23. Qxh7+ Ke6 24. Qxg6+ Kd7 25. cxb3 axb3 26. a3 Ba6 27. Rh7+ Kc6
28. Bxa6 Rxa6 29. Nb4+ Kb6 30. Kb1 Rf2 31. Qg7 Qc8 32. Rc1 Nc2 33. Nxc2 Rxd2 34.
Nb4 Rxa3 35. bxa3 Rc2 36. Qb7+ Qxb7 37. Rxb7+ 1-0

[Event "Titled Tue 3rd Jun Early"]
[Site "chess.com INT"]
[Date "2025.06.03"]
[Round "4"]
[White "Tyukhanov, Alexey"]
[Black "Shuvalov, Evgenij"]
[Result "0-1"]
[WhiteTitle "CM"]
[WhiteElo "2218"]
[BlackElo "1986"]
[WhiteFideId "24149829"]
[BlackFideId "4187237"]
[EventDate "2025.06.03"]

1. e4 e6 2. b3 d5 3. Bb2 Nc6 4. Bb5 Ne7 5. Nf3 a6 6. Bxc6+ Nxc6 7. exd5 exd5 8.
O-O Be6 9. Re1 Qd7 10. Ne5 Nxe5 11. Bxe5 O-O-O 12. d4 f6 13. Bg3 h5 14. h3 g5
15. Nd2 h4 16. Bh2 g4 17. Qe2 Bf5 18. hxg4 Bxg4 19. f3 Bf5 20. Nf1 Bb4 21. Red1
Bc3 22. Rac1 Rde8 23. Qf2 Qg7 24. Ne3 Be6 25. Rd3 Bb2 26. Rb1 Ba3 27. c4 Bd6 28.
Bxd6 cxd6 29. cxd5 Bh3 30. Rb2 Kb8 31. Kh1 Bd7 32. Nc4 Qg3 33. Re3 Rxe3 34. Nxe3
Rc8 35. Qxg3 hxg3 36. Rc2 Re8 37. Rc3 b5 38. Kg1 b4 39. Rd3 Bb5 40. Nc4 Re1# 0-1

[Event "Titled Tue 3rd Jun Early"]
[Site "chess.com INT"]
[Date "2025.06.03"]
[Round "4"]
[White "Tikhonov, Viacheslav"]
[Black "Danzer, George"]
[Result "1-0"]
[WhiteTitle "CM"]
[BlackTitle "CM"]
[WhiteElo "2183"]
[BlackElo "2172"]
[WhiteFideId "44196407"]
[BlackFideId "4659465"]
[EventDate "2025.06.03"]

1. e4 c5 2. Nf3 d6 3. Nc3 Nf6 4. e5 dxe5 5. Nxe5 Nbd7 6. d4 e6 7. Bb5 a6 8.
Bxd7+ Bxd7 9. Bg5 Rc8 10. Ne4 Qa5+ 11. Bd2 Qc7 12. Ng5 cxd4 13. Ngxf7 Rg8 14.
O-O Bc6 15. Re1 Bd5 16. c4 dxc3 17. Bxc3 Bc5 18. h3 Rf8 19. Ng5 h6 20. Ngf3 Ne4
21. Rxe4 Bxe4 22. Qa4+ Bc6 23. Qg4 Bxf3 24. Qxe6+ Qe7 25. Qxc8+ Qd8 26. Qxc5
Bxg2 27. Re1 Rxf2 28. Ng4+ Kf7 29. Qxf2+ Kg8 30. Qxg2 Qb6+ 31. Qf2 Qg6 32. Qg2
Kh7 33. Rf1 Qb6+ 34. Rf2 Qb5 35. Kh1 Qg5 36. Nf6+ gxf6 37. Qxg5 fxg5 38. Rd2 Kg6
39. Rd7 Kf5 40. Rc7 Ke4 41. Rxb7 Kd3 42. Rb6 h5 43. Rxa6 g4 44. Rg6 Ke4 45. hxg4
h4 46. Rh6 Kf4 47. Rxh4 Kg3 48. Rh8 1-0

[Event "Titled Tue 3rd Jun Early"]
[Site "chess.com INT"]
[Date "2025.06.03"]
[Round "4"]
[White "Duarte Cramer, Lily Jeanette"]
[Black "Wyss, Jonas"]
[Result "1-0"]
[WhiteTitle "WCM"]
[BlackTitle "FM"]
[WhiteElo "1828"]
[BlackElo "2278"]
[WhiteFideId "29620180"]
[BlackFideId "1311387"]
[EventDate "2025.06.03"]

1. d4 d5 2. c4 e6 3. Nc3 Nf6 4. cxd5 exd5 5. Bg5 c6 6. e3 h6 7. Bh4 Be7 8. Bd3
O-O 9. Qc2 Re8 10. Nge2 Nbd7 11. O-O a5 12. Bg3 b5 13. Nf4 Nb6 14. Rac1 Ba6 15.
Nb1 Rc8 16. Qd2 Nc4 17. Bxc4 bxc4 18. Nc3 Rb8 19. Nfxd5 cxd5 20. Bxb8 Qxb8 21.
a3 Bd6 22. h3 Ne4 23. Nxe4 Rxe4 24. Qxa5 Qb7 25. Qd8+ Bf8 26. Rc2 c3 27. Rfc1
cxb2 28. Rb1 Qe7 29. Qxe7 Bxe7 30. Rcxb2 Bc4 31. Rb8+ Kh7 32. a4 Re6 33. R1b7
Kg6 34. Rb6 Rxb6 35. Rxb6+ Kf5 36. a5 Bd8 37. Rb7 Bxa5 38. Rxf7+ Kg6 39. Rd7 Bb4
40. Kh2 Kf6 41. Rb7 Be7 42. Rb6+ Kf5 43. Kg3 Ke4 44. Re6+ Kd3 45. Rxe7 g5 46.
Rh7 Ke4 47. Rxh6 Be2 48. Rg6 Kd3 49. Rxg5 1-0

[Event "Titled Tue 3rd Jun Early"]
[Site "chess.com INT"]
[Date "2025.06.03"]
[Round "4"]
[White "Karpenko, Anton"]
[Black "Masague Artero, Guerau"]
[Result "1/2-1/2"]
[WhiteTitle "CM"]
[BlackTitle "FM"]
[WhiteElo "2218"]
[BlackElo "2326"]
[WhiteFideId "34374353"]
[BlackFideId "32098952"]
[EventDate "2025.06.03"]

1. e4 g6 2. d4 Bg7 3. Nf3 c6 4. Bd3 d5 5. e5 Bg4 6. Nbd2 e6 7. c3 Ne7 8. h3 Bxf3
9. Nxf3 c5 10. h4 cxd4 11. cxd4 h6 12. Bf4 Nbc6 13. Qd2 Qb6 14. Be3 Qb4 15. Qxb4
Nxb4 16. Bb5+ Nec6 17. Kd2 a6 18. Be2 Ne7 19. h5 g5 20. g4 O-O 21. Rhc1 Rac8 22.
a3 Nbc6 23. Rc3 f5 24. exf6 Bxf6 25. Rac1 Bg7 26. b4 Rf7 27. a4 Rcf8 28. b5 axb5
29. axb5 Na5 30. Ne5 Bxe5 31. dxe5 d4 32. Bxd4 Nd5 33. Ra3 b6 34. f3 Rd8 35. Ke1
Rb7 36. Bc3 Rc7 37. Bd2 Rxc1+ 38. Bxc1 Rc8 39. Bd2 Nc4 40. Bxc4 Rxc4 41. Ra8+
Kf7 42. Rh8 Kg7 43. Re8 Nc7 44. Re7+ Kg8 45. Be3 Nd5 46. Rxe6 Nxe3 47. Rxb6 Kh7
48. Rb7+ Kh8 49. Rb6 Kh7 50. Rb7+ Kg8 51. Rb6 Kg7 52. Rb7+ Kg8 53. Rb6 1/2-1/2

[Event "Titled Tue 3rd Jun Early"]
[Site "chess.com INT"]
[Date "2025.06.03"]
[Round "4"]
[White "Salonen, Aku"]
[Black "Klekowski, Maciej"]
[Result "0-1"]
[WhiteTitle "FM"]
[BlackTitle "GM"]
[WhiteElo "2314"]
[BlackElo "2474"]
[WhiteFideId "517577"]
[BlackFideId "1132717"]
[EventDate "2025.06.03"]

1. e4 c5 2. Nf3 Nc6 3. Bb5 g6 4. Bxc6 bxc6 5. O-O Bg7 6. c3 Nf6 7. Re1 O-O 8. d4
d5 9. e5 Ne4 10. Be3 Rb8 11. Qc1 c4 12. Nbd2 Bf5 13. b3 Nxd2 14. Nxd2 Bd3 15.
bxc4 dxc4 16. Qa3 Qc7 17. Qa4 Rb5 18. Nxc4 Rfb8 19. Rad1 Bf5 20. Bf4 Be6 21. Ne3
Ra5 22. Qc2 Rxa2 23. Qe4 Rbb2 24. c4 Rxf2 25. d5 cxd5 26. cxd5 Bf5 27. Nxf5 gxf5
28. d6 Qd8 29. Qb7 exd6 30. exd6 Rxf4 31. d7 Bd4+ 32. Kh1 Kg7 33. Re8 Rd2 34.
Rb1 Qb6 35. Qxb6 Bxb6 36. g3 Rfd4 37. Rxb6 axb6 0-1

[Event "Titled Tue 3rd Jun Early"]
[Site "chess.com INT"]
[Date "2025.06.03"]
[Round "4"]
[White "FAWOLE, John Oyeyemi"]
[Black "Ochedzan, Filip"]
[Result "0-1"]
[WhiteTitle "FM"]
[BlackTitle "CM"]
[WhiteElo "1987"]
[BlackElo "2130"]
[WhiteFideId "8501319"]
[BlackFideId "21892610"]
[EventDate "2025.06.03"]

1. e4 g6 2. Nf3 Bg7 3. d4 d5 4. e5 c5 5. c3 Nc6 6. Be2 Bg4 7. O-O e6 8. Nbd2
Nge7 9. a3 cxd4 10. cxd4 O-O 11. b4 a6 12. Bb2 Rc8 13. Rc1 Qd7 14. Qa4 Nxe5 15.
Qxd7 Nxd7 16. h3 Bxf3 17. Nxf3 Nb6 18. Rc5 Na4 19. Rxc8 Rxc8 20. Bc1 Nc3 21. Bd3
Nf5 22. Bxf5 gxf5 23. Be3 Nb5 24. a4 Nd6 25. Rb1 Rc2 26. b5 axb5 27. axb5 Nc4
28. Bf4 Ra2 29. b6 Ra6 30. Bc7 Bf8 31. Rb5 f6 32. g4 fxg4 33. hxg4 Bd6 34. g5
Kf7 35. gxf6 Kxf6 36. Kg2 h5 37. Rb3 Ra2 38. Bd8+ Kf7 39. Ng5+ Ke8 40. Bc7 Kd7
41. Rf3 Ra8 42. Rf7+ Kc6 43. Nxe6 Re8 44. Nc5 Bxc5 45. dxc5 Kxc5 46. Rf5 Kc6 47.
Rxh5 Re7 48. Rh6+ Kb5 49. Bd6 Rd7 50. Bf4 d4 51. Kf1 d3 52. Ke1 d2+ 53. Kd1 Nb2+
54. Kc2 d1=Q+ 55. Kxb2 Qe2+ 56. Kc3 Rd3# 0-1

[Event "Titled Tue 3rd Jun Early"]
[Site "chess.com INT"]
[Date "2025.06.03"]
[Round "4"]
[White "Mayorau, Mikita1"]
[Black "Pulido Alvarez, Ariel"]
[Result "0-1"]
[WhiteTitle "GM"]
[BlackTitle "FM"]
[WhiteElo "2472"]
[BlackElo "2252"]
[WhiteFideId "13501720"]
[BlackFideId "3503011"]
[EventDate "2025.06.03"]

1. e4 c5 2. Nf3 e6 3. d4 cxd4 4. Nxd4 a6 5. c4 Nf6 6. Nc3 d6 7. Be3 Be7 8. Bd3
O-O 9. O-O Nc6 10. Nxc6 bxc6 11. b3 e5 12. f3 Be6 13. Rc1 Qa5 14. Na4 Rab8 15.
a3 d5 16. b4 Qd8 17. cxd5 cxd5 18. exd5 Nxd5 19. Bf2 a5 20. Nc5 axb4 21. Nxe6
fxe6 22. axb4 Nf4 23. Bc4 Rxb4 24. Qc2 Bd6 25. Rfd1 Qg5 26. Bg3 Bc5+ 27. Kh1 Bd4
28. Qa2 Rb2 29. Bxe6+ Kh8 30. Qa3 Nxe6 31. Rc6 Rd2 32. Rb1 h5 33. Rxe6 Rg8 34.
Qa6 h4 35. Rg6 Qf5 36. Bxh4 Qxb1+ 0-1

[Event "Titled Tue 3rd Jun Early"]
[Site "chess.com INT"]
[Date "2025.06.03"]
[Round "4"]
[White "Ivashentseva, Dominika"]
[Black "Novikova, Marharyta"]
[Result "0-1"]
[WhiteTitle "WCM"]
[BlackTitle "WCM"]
[WhiteElo "1921"]
[BlackElo "1969"]
[WhiteFideId "34331050"]
[BlackFideId "14109689"]
[EventDate "2025.06.03"]

1. d4 d5 2. c4 e6 3. Nf3 Be7 4. g3 c6 5. Bg2 dxc4 6. O-O Nf6 7. Ne5 Nbd7 8. Nxc4
O-O 9. Nc3 Nb6 10. Ne5 Nfd7 11. Bf4 Bf6 12. Qc2 g5 13. Nxd7 Qxd7 14. Be5 Bxe5
15. dxe5 Qd4 16. Be4 h6 17. Bh7+ Kg7 18. Qe4 Qxe4 19. Bxe4 Nc4 20. f4 Nxb2 21.
fxg5 hxg5 22. h4 gxh4 23. gxh4 Rh8 24. Rf4 Nc4 25. Rg4+ Kf8 26. Rg5 Rxh4 27. Rf1
Nd2 28. Rd1 Nxe4 29. Nxe4 Rxe4 30. Rd8+ Ke7 31. Rgg8 Rxe5 32. Rxc8 Rxc8 33. Rxc8
Kd6 34. Kf2 Ra5 35. Rb8 b6 36. Rf8 f5 37. Rd8+ Ke5 38. Rd2 Rd5 39. Rb2 Kd4 40.
Kf3 c5 41. e3+ Kc3 42. Rb3+ Kc2 43. Ra3 Rd7 44. Kf4 c4 45. Ke5 Kb2 46. Ra4 Rc7
47. Kd6 Rc5 48. Rxa7 c3 49. Rb7 Rb5 50. Kc6 Rb4 51. a4 c2 52. a5 c1=Q+ 53. Kd7
bxa5 54. Rxb4+ axb4 55. Kxe6 Qc3 56. Kxf5 Qxe3 57. Kg4 Kc3 58. Kf5 b3 59. Kg6 b2
60. Kf5 b1=Q+ 61. Kf6 Qbb6+ 62. Kg7 Qe7+ 63. Kg8 Qb8# 0-1

[Event "Titled Tue 3rd Jun Early"]
[Site "chess.com INT"]
[Date "2025.06.03"]
[Round "4"]
[White "Tahmasebi, Hamidreza"]
[Black "Barrientos, Ernesto"]
[Result "1-0"]
[WhiteTitle "FM"]
[BlackTitle "CM"]
[WhiteElo "2298"]
[BlackElo "2027"]
[WhiteFideId "12537527"]
[BlackFideId "3701247"]
[EventDate "2025.06.03"]

1. e4 c5 2. Nf3 d6 3. d4 cxd4 4. Nxd4 Nf6 5. Nc3 a6 6. Bg5 e6 7. f4 Be7 8. Qf3
Qc7 9. O-O-O Nbd7 10. g4 h6 11. Bxf6 Bxf6 12. h4 Nb6 13. g5 Bxd4 14. Rxd4 Qc5
15. Rd2 Bd7 16. Bh3 hxg5 17. hxg5 Nc4 18. Rdh2 O-O-O 19. Nd1 Kb8 20. Qc3 g6 21.
b3 Qa3+ 22. Kb1 Nb6 23. Qd4 Kc7 24. Ne3 Bc6 25. Qxb6+ Kxb6 26. Nc4+ Kc5 27. Nxa3
Bxe4 28. Bg2 Rxh2 29. Rxh2 Bxg2 30. Rxg2 Rh8 31. Nc4 Rh4 32. Rf2 d5 33. Ne5 Rh7
34. Kb2 Kd6 35. c4 dxc4 36. Nxc4+ Kd5 37. Re2 Kd4 38. Ne5 Rh4 39. Nxf7 Rxf4 40.
Ne5 Rf5 41. Nxg6 Rxg5 42. Nf4 e5 43. Ne6+ Kd3 44. Rc2 Rg1 45. Nc5+ Kd4 46. Nxb7
e4 47. Nc5 e3 48. Nxa6 Kd3 49. Nb4+ Kd4 50. a4 Re1 51. Rc4+ Ke5 52. Nd3+ 1-0

[Event "Titled Tue 3rd Jun Early"]
[Site "chess.com INT"]
[Date "2025.06.03"]
[Round "4"]
[White "Kis, Lorand Bela"]
[Black "Jaskolka, Tomasz"]
[Result "1/2-1/2"]
[BlackTitle "CM"]
[WhiteElo "1955"]
[BlackElo "2200"]
[WhiteFideId "2024098"]
[BlackFideId "1170791"]
[EventDate "2025.06.03"]

1. d4 g6 2. c4 Bg7 3. e4 c5 4. d5 d6 5. h3 Nd7 6. Nf3 Ngf6 7. Nc3 O-O 8. Bd3 a6
9. a4 e6 10. Be3 exd5 11. cxd5 Re8 12. O-O Qb6 13. Qd2 Qb4 14. a5 Nxe4 15. Nxe4
Rxe4 16. Bxe4 Qxe4 17. Rfe1 Qf5 18. Bf4 Ne5 19. Nxe5 dxe5 20. Be3 Bf8 21. Rac1
Bd7 22. Bxc5 Bg7 23. Be3 Rd8 24. Rc7 Bb5 25. d6 Bf8 26. Bc5 e4 27. Rxb7 Bc6 28.
Rc7 Qxc5 29. Rc1 Rxd6 30. Rxc5 Rxd2 31. R5xc6 Rd1+ 32. Kh2 Bd6+ 33. Rxd6 Rxd6
34. Rb7 Kf8 35. Kg3 Rd5 36. b4 Ke8 37. Rb6 Kd7 38. Rxa6 Rb5 39. Ra7+ Ke6 40.
Ra6+ Kd5 41. Ra7 Ke6 42. Ra6+ Kd7 43. Ra7+ Ke6 1/2-1/2

[Event "Titled Tue 3rd Jun Early"]
[Site "chess.com INT"]
[Date "2025.06.03"]
[Round "4"]
[White "Kilic, Eray"]
[Black "Jia, Haoxiang"]
[Result "1-0"]
[WhiteTitle "IM"]
[BlackTitle "IM"]
[WhiteElo "2469"]
[BlackElo "2316"]
[WhiteFideId "44517173"]
[BlackFideId "8602999"]
[EventDate "2025.06.03"]

1. e4 c5 2. c3 Nf6 3. e5 Nd5 4. d4 cxd4 5. Nf3 e6 6. cxd4 d6 7. Bc4 Nc6 8. O-O
Be7 9. Qe2 O-O 10. Rd1 Nb6 11. Bd3 Nb4 12. Nc3 Nxd3 13. Qxd3 d5 14. Be3 Nc4 15.
Qe2 Nxe3 16. fxe3 Bd7 17. Rac1 Rc8 18. a3 f6 19. exf6 gxf6 20. e4 dxe4 21. Qxe4
Kh8 22. d5 Bc5+ 23. Kh1 e5 24. Ne2 Bd6 25. Rxc8 Qxc8 26. Rc1 Bf5 27. Qe3 Qb8 28.
Ng3 Bg6 29. Nh4 Rg8 30. Nhf5 e4 31. Rf1 Bxg3 32. Nxg3 Qe5 33. Rd1 f5 34. Ne2 Bh5
35. d6 Bxe2 36. Qxe2 f4 37. d7 Rd8 38. Qg4 e3 39. Qh4 Qc7 40. Qe7 Qb6 41. h3 Qc7
42. Rd5 h6 43. Re5 e2 44. Qf6+ Kh7 45. Re7+ Kg8 46. Qg7# 1-0

[Event "Titled Tue 3rd Jun Early"]
[Site "chess.com INT"]
[Date "2025.06.03"]
[Round "4"]
[White "Ismagilov, Damir"]
[Black "Hayrapetyan, Artavazd R."]
[Result "1/2-1/2"]
[WhiteTitle "CM"]
[BlackTitle "FM"]
[WhiteElo "2173"]
[BlackElo "2350"]
[WhiteFideId "34199982"]
[BlackFideId "13304240"]
[EventDate "2025.06.03"]

1. d4 d6 2. c4 e5 3. Nf3 Nc6 4. Nc3 Bg4 5. d5 Nce7 6. e4 g6 7. h3 Bxf3 8. Qxf3
b6 9. c5 a6 10. cxb6 cxb6 11. g4 Bg7 12. Be2 Nf6 13. Bg5 Nd7 14. h4 h6 15. Be3
Nf6 16. h5 Nd7 17. g5 hxg5 18. Bxg5 f6 19. Be3 f5 20. hxg6 Rxh1+ 21. Qxh1 f4 22.
Bd2 Nxg6 23. Bh5 Kf7 24. Qh3 Nf8 25. Bxg6+ Nxg6 26. Qe6+ Kf8 27. Qxg6 Qf6 28.
Qxf6+ Bxf6 29. Ke2 b5 30. a4 b4 31. Na2 a5 32. Rc1 Bd8 33. Rc6 Ke7 34. Nc1 Kd7
35. Nb3 Bc7 36. Be1 Rh8 37. Ra6 Rh3 38. Nxa5 f3+ 39. Kd3 Rh1 40. Bxb4 Bd8 41.
Ra7+ Kc8 42. Nc6 Bb6 43. Ra8+ Kc7 44. Ba5 Rf1 45. Bxb6+ Kxb6 46. Ke3 Rb1 47.
Kxf3 Rxb2 48. Rb8+ Ka6 49. Rxb2 1/2-1/2

[Event "Titled Tue 3rd Jun Early"]
[Site "chess.com INT"]
[Date "2025.06.03"]
[Round "4"]
[White "Injac, Teodora"]
[Black "Hoepfl, Thomas"]
[Result "1/2-1/2"]
[WhiteTitle "IM"]
[BlackTitle "FM"]
[WhiteElo "2474"]
[BlackElo "2194"]
[WhiteFideId "932400"]
[BlackFideId "4615182"]
[EventDate "2025.06.03"]

1. d4 Nf6 2. Bg5 e6 3. Nf3 c5 4. e3 cxd4 5. exd4 Be7 6. c3 b6 7. Nbd2 Bb7 8. Bd3
d6 9. Bxf6 Bxf6 10. Qe2 Nd7 11. h4 Qc7 12. O-O-O a6 13. Kb1 b5 14. g4 Be7 15. g5
Nb6 16. h5 O-O-O 17. Rc1 Kb8 18. Rh4 h6 19. Rg4 Rc8 20. g6 f5 21. Rgg1 Bd5 22.
b3 Qb7 23. Rge1 Rhe8 24. Ka1 Bf6 25. c4 Bxf3 26. Nxf3 bxc4 27. bxc4 Ka7 28. Rb1
Qc6 29. Rb4 Rb8 30. Reb1 Na4 31. Rxb8 Rxb8 32. Rxb8 Kxb8 33. Bc2 Nc3 34. Qd3 Ne4
35. Qb3+ Kc8 36. Qa4 Qc5 37. Qxa6+ Kd8 38. Qa8+ Ke7 39. Bxe4 Bxd4+ 40. Nxd4
Qxd4+ 41. Kb1 fxe4 42. Qb7+ Kf6 43. Qb2 Ke5 44. a4 Qxb2+ 45. Kxb2 Kd4 46. a5 Kc5
47. Kc3 d5 48. cxd5 exd5 49. a6 d4+ 50. Kb3 Kb6 51. Kc4 d3 52. Kc3 Kxa6 53. f3
exf3 54. Kxd3 Kb6 55. Ke3 Kc6 56. Kxf3 Kd6 57. Kf4 Ke6 58. Ke4 Kf6 59. Kf4 Ke6
60. Ke4 Kf6 61. Kf4 Ke6 1/2-1/2

[Event "Titled Tue 3rd Jun Early"]
[Site "chess.com INT"]
[Date "2025.06.03"]
[Round "4"]
[White "Laddha, Shubh Jayesh"]
[Black "Jiganchine, Roman"]
[Result "1-0"]
[WhiteTitle "FM"]
[BlackTitle "CM"]
[WhiteElo "2303"]
[BlackElo "2205"]
[WhiteFideId "30942799"]
[BlackFideId "2603667"]
[EventDate "2025.06.03"]

1. d4 d5 2. Nc3 c6 3. Bf4 Bf5 4. e3 e6 5. Nf3 Nd7 6. Bd3 Bg6 7. e4 Bb4 8. exd5
cxd5 9. O-O Ne7 10. Ne5 Bxc3 11. bxc3 O-O 12. Rb1 Nxe5 13. Bxe5 Qd7 14. h4 Rac8
15. Bb5 Nc6 16. h5 f6 17. Bf4 Bf7 18. h6 g6 19. Re1 a6 20. Bd3 Rfe8 21. Bg3 e5
22. Qf3 Qe7 23. Qg4 e4 24. Bf1 Qe6 25. Qf4 g5 26. Qe3 Re7 27. f4 g4 28. f5 Qxf5
29. Be2 Bh5 30. Rf1 Qg6 31. Bh4 Rf7 32. Rf4 f5 33. c4 Qe6 34. Rd1 Rd7 35. cxd5
Qxd5 36. c4 Qf7 37. c5 Ne7 38. Rc1 Nd5 39. Qf2 Qe6 40. Bc4 Bf7 41. Rxf5 Qg6 42.
Rg5 1-0

[Event "Titled Tue 3rd Jun Early"]
[Site "chess.com INT"]
[Date "2025.06.03"]
[Round "4"]
[White "Mateus, Martha"]
[Black "Hobaica, Juan Pablo"]
[Result "0-1"]
[WhiteTitle "WIM"]
[BlackTitle "IM"]
[WhiteElo "1963"]
[BlackElo "2412"]
[WhiteFideId "4401549"]
[BlackFideId "104159"]
[EventDate "2025.06.03"]

1. d4 Nf6 2. c4 e6 3. Nc3 Bb4 4. f3 d5 5. a3 Bxc3+ 6. bxc3 c5 7. e3 Nc6 8. cxd5
exd5 9. Bd3 O-O 10. Ne2 Re8 11. O-O cxd4 12. cxd4 Be6 13. Ng3 Rc8 14. Ra2 Na5
15. Re2 Nc4 16. Bb1 Qb6 17. Qd3 Red8 18. Rd1 g6 19. h4 h5 20. Kh1 Qd6 21. Nf1
Bf5 22. e4 dxe4 23. fxe4 Bg4 24. e5 Qe6 25. Bg5 Bxe2 26. Qxe2 Qg4 27. Qxg4 Nxg4
28. Kg1 Rd7 29. Be4 Ncxe5 30. Bf4 Nc6 31. d5 Ne7 32. Bf3 Rcd8 33. d6 Nf5 34. Ng3
Nxd6 35. Bg5 f6 36. Bxg4 hxg4 37. Bxf6 Rf8 38. Be5 Rfd8 39. Bf6 Ne8 40. Re1 Nxf6 0-1